00592nam a2200145Ia 4500008004100000020001800041050001400059100001900073245010500092260004200197300001600239500007300255650003700328700008100365120626s9999 xx 000 0 und d a968-16-1890-4 aHB161 R53 aRICARDO, David aPrincipios de economía política y tributación / David Ricardo ; tr. Juan Broc B., ...8et al.) aMéxico : Fondo de Cultura Economica aXLV, 332 p. aTraducción de: On the principles of political economy and taxation a1. ECONOMÍA 2. CONTRIBUCIÓN aI. Broc B., Juan, tr. II. Wolff, Nelly, tr. III. Estrada M., Julio, tr.Ì